<?xml version="1.0" encoding="UTF-8"?>
<record
    xmlns:xsi="http://www.w3.org/2001/XMLSchema-instance"
    xsi:schemaLocation="http://www.loc.gov/MARC21/slim http://www.loc.gov/standards/marcxml/schema/MARC21slim.xsd"
    xmlns="http://www.loc.gov/MARC21/slim">

  <leader>00517nam a22001577a 4500</leader>
  <controlfield tag="003">OSt</controlfield>
  <controlfield tag="005">20151104095024.0</controlfield>
  <controlfield tag="008">151104b        xxu||||| |||| 00| 0 eng d</controlfield>
  <datafield tag="040" ind1=" " ind2=" ">
    <subfield code="c">RUA</subfield>
  </datafield>
  <datafield tag="082" ind1=" " ind2=" ">
    <subfield code="a">FOR &#x1797;&#x17C4;&#x1782; 1995 B121 Or.1</subfield>
  </datafield>
  <datafield tag="100" ind1=" " ind2=" ">
    <subfield code="9">3317</subfield>
    <subfield code="a">&#x1797;&#x17C4;&#x1782; &#x179C;&#x17B8;&#x179A;&#x17C8;</subfield>
  </datafield>
  <datafield tag="245" ind1=" " ind2=" ">
    <subfield code="a">&#x179C;&#x17B8;&#x1797;&#x17B6;&#x1782;&#x1791;&#x17B6;&#x1793;&#x1793;&#x17C3;&#x1780;&#x17B6;&#x179A;&#x179F;&#x17B7;&#x1780;&#x17D2;&#x179F;&#x17B6;&#x1780;&#x17B6;&#x179A;&#x17A0;&#x17BC;&#x179A;&#x1785;&#x17D2;&#x179A;&#x17C4;&#x17C7;&#x178A;&#x17B8;&#x1791;&#x17C5;&#x179B;&#x17BE;&#x1794;&#x17B9;&#x1784;&#x1791;&#x1793;&#x17D2;&#x179B;&#x17C1;&#x179F;&#x17B6;&#x1794;</subfield>
  </datafield>
  <datafield tag="260" ind1=" " ind2=" ">
    <subfield code="a">Phnom Penh</subfield>
    <subfield code="b">RUA</subfield>
    <subfield code="c">1995</subfield>
  </datafield>
  <datafield tag="300" ind1=" " ind2=" ">
    <subfield code="a">172p.</subfield>
    <subfield code="b">ill.</subfield>
    <subfield code="c">29cm.</subfield>
  </datafield>
  <datafield tag="942" ind1=" " ind2=" ">
    <subfield code="2">ddc</subfield>
    <subfield code="c">FOR</subfield>
  </datafield>
  <datafield tag="999" ind1=" " ind2=" ">
    <subfield code="c">3095</subfield>
    <subfield code="d">3095</subfield>
  </datafield>
  <datafield tag="952" ind1=" " ind2=" ">
    <subfield code="0">0</subfield>
    <subfield code="1">0</subfield>
    <subfield code="2">ddc</subfield>
    <subfield code="4">0</subfield>
    <subfield code="6">FOR_&#x1797;&#x17C4;&#x1782;_1995_000000000000000_B121_OR_1</subfield>
    <subfield code="7">0</subfield>
    <subfield code="9">14633</subfield>
    <subfield code="a">LBB</subfield>
    <subfield code="b">LBB</subfield>
    <subfield code="c">B121</subfield>
    <subfield code="d">2015-11-04</subfield>
    <subfield code="l">1</subfield>
    <subfield code="o">FOR &#x1797;&#x17C4;&#x1782; 1995 B121 Or.1</subfield>
    <subfield code="p">RUA010847</subfield>
    <subfield code="r">2016-06-07</subfield>
    <subfield code="s">2016-05-31</subfield>
    <subfield code="w">2015-11-04</subfield>
    <subfield code="y">FOR</subfield>
  </datafield>
  <datafield tag="952" ind1=" " ind2=" ">
    <subfield code="0">0</subfield>
    <subfield code="1">0</subfield>
    <subfield code="2">ddc</subfield>
    <subfield code="4">0</subfield>
    <subfield code="6">FOR_&#x1797;&#x17C4;&#x1782;_1995_000000000000000_B121_OR_2</subfield>
    <subfield code="7">0</subfield>
    <subfield code="9">14634</subfield>
    <subfield code="a">LBB</subfield>
    <subfield code="b">LBB</subfield>
    <subfield code="c">B121</subfield>
    <subfield code="d">2015-11-04</subfield>
    <subfield code="o">FOR &#x1797;&#x17C4;&#x1782; 1995 B121 Or.2</subfield>
    <subfield code="p">RUA026219</subfield>
    <subfield code="r">2015-11-04</subfield>
    <subfield code="w">2015-11-04</subfield>
    <subfield code="y">FOR</subfield>
  </datafield>
  <datafield tag="952" ind1=" " ind2=" ">
    <subfield code="0">0</subfield>
    <subfield code="1">0</subfield>
    <subfield code="2">ddc</subfield>
    <subfield code="4">0</subfield>
    <subfield code="6">FOR_&#x1797;&#x17C4;&#x1782;_1995_000000000000000_B121_OR_3</subfield>
    <subfield code="7">0</subfield>
    <subfield code="9">14635</subfield>
    <subfield code="a">LBB</subfield>
    <subfield code="b">LBB</subfield>
    <subfield code="c">B121</subfield>
    <subfield code="d">2015-11-04</subfield>
    <subfield code="l">1</subfield>
    <subfield code="o">FOR &#x1797;&#x17C4;&#x1782; 1995 B121 Or.3</subfield>
    <subfield code="p">RUA027541</subfield>
    <subfield code="r">2016-02-01</subfield>
    <subfield code="s">2016-01-18</subfield>
    <subfield code="w">2015-11-04</subfield>
    <subfield code="y">FOR</subfield>
  </datafield>
  <datafield tag="952" ind1=" " ind2=" ">
    <subfield code="0">0</subfield>
    <subfield code="1">0</subfield>
    <subfield code="2">ddc</subfield>
    <subfield code="4">0</subfield>
    <subfield code="6">FOR_&#x1797;&#x17C4;&#x1782;_1995_000000000000000_B121_OR_4</subfield>
    <subfield code="7">0</subfield>
    <subfield code="9">14636</subfield>
    <subfield code="a">LBB</subfield>
    <subfield code="b">LBB</subfield>
    <subfield code="c">B121</subfield>
    <subfield code="d">2015-11-04</subfield>
    <subfield code="o">FOR &#x1797;&#x17C4;&#x1782; 1995 B121 Or.4</subfield>
    <subfield code="p">RUA027513</subfield>
    <subfield code="r">2015-11-04</subfield>
    <subfield code="w">2015-11-04</subfield>
    <subfield code="y">FOR</subfield>
  </datafield>
  <datafield tag="952" ind1=" " ind2=" ">
    <subfield code="0">0</subfield>
    <subfield code="1">0</subfield>
    <subfield code="2">ddc</subfield>
    <subfield code="4">0</subfield>
    <subfield code="6">FOR_&#x1797;&#x17C4;&#x1782;_1995_000000000000000_B121_OR_5</subfield>
    <subfield code="7">0</subfield>
    <subfield code="9">56806</subfield>
    <subfield code="a">LBB</subfield>
    <subfield code="b">LBB</subfield>
    <subfield code="c">B121</subfield>
    <subfield code="d">2016-11-11</subfield>
    <subfield code="o">FOR &#x1797;&#x17C4;&#x1782; 1995 B121 Or.5</subfield>
    <subfield code="p">A03557</subfield>
    <subfield code="r">2016-11-11</subfield>
    <subfield code="w">2016-11-11</subfield>
    <subfield code="y">FOR</subfield>
  </datafield>
</record>
